All Alola Pokemon - Statistics

General Stats
  • This quiz has been taken 48 times
  • The average score is 47 of 88
Answer Stats
Hint Answer % Correct
#725 Litten
94%
#726 Torracat
94%
#722 Rowlet
91%
#724 Decidueye
88%
#727 Incineroar
85%
#728 Popplio
85%
#723 Dartrix
82%
#730 Primarina
82%
#729 Brionne
79%
#737 Charjabug
74%
#736 Grubbin
74%
#792 Lunala
74%
#734 Yungoos
74%
#731 Pikipek
71%
#791 Solgaleo
71%
#733 Toucannon
71%
#735 Gumshoos
68%
#732 Trumbeak
68%
#794 Buzzwole
65%
#790 Cosmoem
65%
#789 Cosmog
65%
#800 Necrozma
62%
#798 Kartana
59%
#778 Mimikyu
59%
#795 Pheromosa
59%
#805 Stakataka
59%
#787 Tapu Bulu
59%
#785 Tapu Koko
59%
#761 Bounsweet
56%
#762 Steenee
56%
#788 Tapu Fini
56%
#786 Tapu Lele
56%
#797 Celesteela
53%
#799 Guzzlord
53%
#749 Mudbray
53%
#750 Mudsdale
53%
#741 Oricorio
53%
#777 Togedemaru
53%
#763 Tsareena
53%
#807 Zeraora
53%
#806 Blacephalon
50%
#803 Poipole
50%
#757 Salandit
50%
#776 Turtonator
50%
#760 Bewear
47%
#779 Bruxish
47%
#753 Fomantis
47%
#782 Jangmo-o
47%
#784 Kommo-o
47%
#754 Lurantis
47%
#745 Lycanroc
47%
#802 Marshadow
47%
#774 Minior
47%
#793 Nihilego
47%
#758 Salazzle
47%
#796 Xurkitree
47%
#764 Comfey
44%
#740 Crabominable
44%
#739 Crabrawler
44%
#742 Cutiefly
44%
#783 Hakamo-o
44%
#801 Magearna
44%
#747 Mareanie
44%
#770 Palossand
44%
#743 Ribombee
44%
#744 Rockruff
44%
#769 Sandygast
44%
#748 Toxapex
44%
#746 Wishiwashi
44%
#752 Araquanid
41%
#751 Dewpider
41%
#781 Dhelmise
41%
#780 Drampa
41%
#775 Komala
41%
#809 Melmetal
41%
#755 Morelull
41%
#765 Oranguru
41%
#766 Passimian
41%
#756 Shiinotic
41%
#759 Stufful
41%
#772 Type Null
41%
#767 Wimpod
41%
#768 Golisopod
38%
#808 Meltan
38%
#773 Silvally
38%
#771 Pyukumuku
35%
#804 Nagandel
24%
#738 Vikivolt
21%
No matching quizzes found
Score Distribution
Percent of People with Each Score
Percentile by Number Answered
Your Score History
You have not taken this quiz